000 00687nam a22002417a 4500
005 20170124110240.0
010 _aA-943445
020 _c1950.00
_a818502636
035 _aA-943445
037 _bCen Lib/Ret
040 _aDPL
_bEN
082 _a792.8095431
_bKOT
100 _aKothari, Sunil
_941766
245 _aBharat natyam /
_cby Sunil Kothari
246 _b
260 _aMumbai
_bMarg Publications
_c1997
270 _bMumbai
_a24, Homi Mody street
_e400001
300 _a232p. :
_c32cm(Hb)
_bill.
500 _aInclude index
650 _aIndian classical dance
_994453
650 _aBharat natyam
_994454
942 _2ddc
_cEN
_h792.8095431
_mKOT
999 _c135110
_d135110